[Event "179th open MGU 14-15 January 2017"]
[Site "Sofia"]
[Date "2017.01.15"]
[Round "5.6"]
[White "Ignatov, Bojidar"]
[Black "Georgiev, Nikolay Zh."]
[Result "0-1"]
[WhiteElo "1826"]
[BlackElo "1623"]
[PlyCount "106"]
[EventDate "2017.01.14"]
[EventType "swiss"]
[EventRounds "6"]
[EventCountry "BUL"]
[SourceDate "2008.07.28"]

1. d4 d5 2. c4 c6 3. Nf3 Nf6 4. Nc3 dxc4 5. e4 b5 6. e5 Nd5 7. Ne4 a5 $146 ({RR
} 7... e6 8. Bd2 Nd7 9. Be2 a6 10. O-O Bb7 11. Nfg5 Be7 12. f4 h6 13. f5 Nxe5
14. Nxf7 Nxf7 15. fxe6 O-O 16. exf7+ Rxf7 17. Rxf7 Kxf7 18. Bh5+ Kg8 19. Qg4
Nf6 20. Qe6+ Kh8 21. Nxf6 Bxf6 22. Rf1 {
Ganz,M-Olsommer,C/Luzern 1950/EXT 2002/0-1 (32)}) ({RR} 7... Bf5 8. Ng3 Bd7 ({
RR} 8... Bg6 9. Nh4 e6 10. Nxg6 Bb4+ 11. Bd2 Bxd2+ 12. Qxd2 fxg6 13. Be2 Na6
14. O-O O-O 15. Bg4 Nac7 16. Ne4 Qh4 17. f3 h5 18. g3 Qe7 19. Bh3 h4 20. f4
hxg3 21. hxg3 Qb4 22. Qh2 c3 23. bxc3 {
Brugo,M (2053)-Hassan,A/St Petersburg 2016/CBM 174 Extra/1-0 (40)}) 9. Ng5 e6
10. Qh5 g6 11. Qh3 Bb4+ 12. Kd1 Qa5 13. a4 c3 14. N3e4 h6 15. bxc3 Nxc3+ 16.
Nxc3 Bxc3 17. Ra3 b4 18. Nxf7 Kxf7 19. Qf3+ Ke8 20. Bd3 bxa3 21. Qf6 Rg8 22.
Bxh6 {Piceu,T (2350)-Sanchez,J (2486)/Condom 2007/CBM 119 Extra/0-1 (43)}) ({RR
} 7... h6 8. Be2 e6 9. O-O Be7 10. a4 Qb6 11. Bd2 Bb7 12. b3 cxb3 13. Qxb3 a6
14. Rfc1 Nd7 15. Ra2 O-O 16. Rac2 Rfc8 17. Nc5 Qc7 18. a5 Bxc5 19. Rxc5 Nxc5
20. Rxc5 Rd8 21. Qd3 Ne7 22. Qe4 {
Shcherbakov,N (1892)-Astafurov,A (1982)/Tambov 2016/CBM 172 Extra/0-1 (35)}) 8.
Bg5 Qb6 9. Be2 g6 10. h4 h6 11. Bd2 Na6 12. h5 g5 13. Qb1 Bg4 14. a4 Nab4 15.
Nc5 e6 16. axb5 cxb5 17. Bxb4 Nxb4 18. Qe4 Bxf3 19. Bxf3 Ra7 20. O-O Bxc5 21.
dxc5 Qxc5 22. Be2 Ke7 23. Kh1 Nd5 24. g3 a4 25. Ra3 Raa8 26. f4 gxf4 27. gxf4
Rag8 28. f5 Rg5 29. fxe6 fxe6 30. Raf3 Kd7 (30... Rxh5+ 31. Kg2 Rg8+ 32. Rg3
Ne3+ $19) 31. Rf7+ Kc6 32. R7f6 Kd7 33. Bg4 Nxf6 34. Rxf6 Rxg4 35. Qxg4 Qd5+
36. Kg1 Re8 37. Rxh6 Qxe5 38. Rg6 Qe3+ 39. Kg2 Qd2+ 40. Kh3 Qe3+ 41. Kh4 Qe1+
42. Kh3 Qh1+ 43. Kg3 Qg1+ 44. Kh4 Qxg4+ 45. Kxg4 a3 46. bxa3 c3 47. Kf3 c2 48.
Rg1 Rc8 49. Rc1 Ke7 50. Ke4 Kf6 51. Kd3 Kg5 52. Rxc2 Rxc2 53. Kxc2 Kxh5 0-1

[Event "179th open MGU 14-15 January 2017"]
[Site "Sofia"]
[Date "2017.01.15"]
[Round "5.7"]
[White "Marholev, Todor"]
[Black "Tsyntsarski, Boyko"]
[Result "1/2-1/2"]
[WhiteElo "1404"]
[BlackElo "1636"]
[PlyCount "58"]
[EventDate "2017.01.14"]
[EventType "swiss"]
[EventRounds "6"]
[EventCountry "BUL"]
[SourceDate "2008.07.28"]

1. d4 d5 2. Nc3 c5 3. Bf4 ({RR} 3. e4 dxe4 4. d5 Nf6 5. Bf4 a6 6. a4 g6 7. Bc4
Bg7 8. Qd2 O-O 9. Nge2 Nbd7 10. Ng3 Nb6 11. Ba2 c4 12. Be5 Nbxd5 13. O-O-O Nxc3
14. Qxd8 Bh6+ 15. Rd2 Rxd8 16. Bxc3 Be6 17. Nf1 Bxd2+ {
Gorovets,A (2393)-Kupreichik,V (2464)/Minsk 2004/EXT 2005/0-1}) 3... e6 4. e3
a6 5. Nf3 $146 ({RR} 5. dxc5 Bxc5 6. Qg4 g6 7. Qg3 Nc6 8. O-O-O b5 9. Ne4 Qe7
10. Bd6 Bxd6 11. Nxd6+ Kf8 12. e4 Nf6 13. e5 Ne8 14. h4 Nxd6 15. exd6 Qf6 16.
Nf3 Bd7 17. Bd3 e5 18. Ng5 Qxd6 19. Be4 Be6 {
Rynd,J-Harvey,E/Dublin 1893/EXT 2009/1-0}) ({RR} 5. a4 Nf6 6. Nge2 Nc6 7. f3
Nh5 8. Qd2 Nxf4 9. exf4 Bd7 10. g3 Qb6 11. O-O-O cxd4 12. Nxd4 Bc5 13. Nce2
Nxd4 14. Nxd4 Bxa4 15. Kb1 Rc8 16. Nb3 Bxb3 17. cxb3 Qxb3 18. Bd3 O-O 19. f5
Bd4 {Jalaghonia,N (1902)-Buksa,N (2249)/Lagodekhi 2016/CBM 174 Extra/0-1}) 5...
Nc6 6. Ne5 Nf6 7. Bg5 cxd4 8. Nxc6 bxc6 9. Qxd4 c5 10. Qf4 h6 11. Bxf6 Qxf6 12.
Qa4+ Bd7 13. Bb5 Qd8 14. Bc6 Rb8 15. O-O Rb6 16. Bxd7+ Qxd7 17. b3 Qxa4 18.
Nxa4 Rc6 19. Rac1 Be7 20. c4 O-O 21. cxd5 exd5 22. Rfd1 Rd8 23. e4 dxe4 24.
Rxd8+ Bxd8 25. Rxc5 Rd6 26. g3 Rd2 27. Re5 Kh7 28. a3 Ra2 29. Rxe4 Rxa3 1/2-1/2

[Event "179th open MGU 14-15 January 2017"]
[Site "Sofia"]
[Date "2017.01.15"]
[Round "5.9"]
[White "Stefanov, Georgi"]
[Black "Huebner, Thomas"]
[Result "0-1"]
[WhiteElo "1262"]
[BlackElo "1880"]
[PlyCount "50"]
[EventDate "2017.01.14"]
[EventType "swiss"]
[EventRounds "6"]
[EventCountry "BUL"]
[SourceDate "2008.07.28"]

1. e4 e5 2. f4 d5 3. exd5 c6 4. d3 exf4 5. Bxf4 cxd5 6. Nf3 Nc6 ({RR} 6... Nf6
7. Nbd2 ({RR} 7. c3 Nc6 8. Be2 d4 9. Qa4 Bc5 10. b4 Bb6 11. c4 O-O 12. O-O Re8
13. Bd1 Bf5 14. Bc2 a5 15. b5 Nb4 16. Qb3 Re2 17. Nbd2 Ng4 18. Rae1 Rxe1 19.
Rxe1 Ne3 20. Bb1 Qf6 21. Ne4 Bxe4 {
Ghoulam,H (1655)-Nocha,S (1869)/Nouadhibou 2014/CBM 158 Extra/0-1 (35)}) 7...
Nc6 8. d4 Bd6 9. Bg5 h6 10. Bxf6 Qxf6 11. c3 O-O 12. Be2 Bc7 13. O-O Qd6 14.
Rf2 Bg4 15. Nf1 Rae8 16. Nh4 Bxe2 17. Rxe2 g6 18. g3 b5 19. a3 Na5 20. Qd3 Nc4
21. b3 {De la Villa Garcia,J (2430)-Estremera Panos,S (2315)/Leon 1989/EXT
1997/1/2 (40)}) 7. Be2 Qf6 8. Bc1 Bc5 9. Nc3 $146 ({RR} 9. c3 d4 10. c4 Nge7
11. a3 a5 12. b3 O-O 13. O-O Nf5 14. Bg5 Qg6 15. h4 h6 16. Bd2 Bd7 17. h5 Qd6
18. Qc1 Rae8 19. Bf4 Qf6 20. Rf2 Ne3 21. Nh2 Bf5 22. Nd2 Qe6 23. g4 Bh7 {
Uteshin,D (2098)-Dotsenko,S (2185)/Nizhnij Tagil 2007/EXT 2009/0-1 (38)}) 9...
Nge7 10. Bg5 Qd6 11. d4 Bb6 12. Bb5 O-O 13. O-O f6 14. Bxc6 Nxc6 15. Be3 Bg4
16. Ne2 Rfe8 17. Bf4 Qe6 18. Re1 Qf5 19. c3 Rxe2 20. Qxe2 Qxf4 21. Rf1 Bc7 22.
g3 Qd6 23. Qf2 Re8 24. Rae1 Rxe1 25. Rxe1 Qd7 0-1

[Event "179th open MGU 14-15 January 2017"]
[Site "Sofia"]
[Date "2017.01.15"]
[Round "6.1"]
[White "Metev, Martin"]
[Black "Dyakov, Martin"]
[Result "1/2-1/2"]
[WhiteElo "2062"]
[BlackElo "2030"]
[PlyCount "108"]
[EventDate "2017.01.14"]
[EventType "swiss"]
[EventRounds "6"]
[EventCountry "BUL"]
[SourceDate "2008.07.28"]

1. e4 e6 2. d4 d5 3. Nc3 Nf6 4. Bg5 Bb4 5. e5 h6 6. exf6 hxg5 7. fxg7 Rg8 8. a3
Bxc3+ 9. bxc3 Qf6 10. Nf3 Qxg7 (10... a6 11. c4 dxc4 12. Bxc4 c5 13. O-O Qxg7
14. d5 g4 15. dxe6 Bxe6 16. Bxe6 fxe6 17. Nh4 Nd7 18. Re1 O-O-O 19. Qd6 Qf6 20.
g3 Rdf8 21. Rf1 Rg5 22. Rad1 Rd8 23. Rfe1 Re5 24. Rxe5 Qxe5 25. Qxe5 {
Lima,A (1882)-Lemos,D (1971) Juazeiro do Norte 2012 0-1 (52)}) 11. Ne5 (11. Rb1
Nd7 12. Bb5 c6 13. Ba4 Kd8 14. Qd3 g4 15. Nd2 e5 16. O-O Rh8 17. Rfe1 e4 18.
Qg3 Qh6 19. Nxe4 dxe4 20. Rxe4 f5 21. Ree1 f4 22. Qd3 Qxh2+ 23. Kf1 Qh1+ 24.
Ke2 Qxg2 25. Kd2 g3 {Hoarau,J-Goldenberg,R (2274) Etang Sale 2000 0-1 (37)})
11... Nd7 $146 (11... c5 12. Bb5+ Bd7 13. Bxd7+ Nxd7 14. Nxd7 Kxd7 15. Rb1 Rab8
16. Qd3 c4 17. Qe3 b5 18. O-O Rh8 19. Rfe1 Qh7 20. Qg3 Qxc2 21. Rec1 Qf5 22.
Re1 Qf4 23. Qxf4 gxf4 24. g3 a5 25. Re2 b4 26. axb4 {
Robert,F-Cocogne,L Noumea 1995 0-1 (42)}) 12. Nxd7 Bxd7 (12... Kxd7 $6 13. c4
$11) 13. Rb1 O-O-O 14. Be2 Rh8 15. Qd3 Bc6 (15... Rde8 16. O-O $17) 16. a4 (16.
h3 Kb8 $17) 16... g4 17. a5 a6 (17... Rh4 $5 $17) 18. Qg3 $15 Rdg8 19. f3 Qh7
20. Bd3 Qh5 21. f4 Rh6 (21... f5 22. Kd2 $17) 22. Be2 (22. h4 $142 $5 $11)
22... Qg6 $17 23. Bd3 Qf6 (23... f5 24. Kd2 $17) 24. Be2 Qe7 25. Rb4 f5 26. Kf2
(26. Kd2 Rgh8 $17) 26... Qh7 27. Bd3 Rh8 28. Kg1 Bd7 29. Be2 Qe7 (29... Rh4 30.
Kf2 $17) 30. Qe3 Qh4 31. Bd3 Qf6 32. Be2 R8h7 33. Rb1 (33. g3 $5 $17) 33... Qh8
34. Qg3 Qf8 35. Rb4 c5 36. Rb6 c4 37. Kf2 Bc6 38. Rb4 Qd8 39. Rb6 Qd6 40. Rb4
Bb5 41. Rbb1 Qa3 (41... Qd8 42. Ra1 $19) 42. Ra1 $17 Qb2 (42... Qe7 43. Bf1 $17
) 43. Rac1 (43. Qe3 $5 Qxc2 44. h4 $17) 43... Qa2 $19 44. Ra1 Qxc2 45. h3 Qe4 (
45... gxh3 $142 $5 46. Rac1 Qb2 $17) 46. Rae1 $15 gxh3 (46... Rh4 $5 47. Bxc4
Qc2+ 48. Re2 Qa4 49. Bxb5 Qxb5 $15) 47. Rxh3 $11 Rxh3 48. gxh3 Kd7 49. Bxc4
Qc2+ 50. Re2 Qa4 51. Bxb5+ Qxb5 52. Rxe6 Rxh3 (52... Qxa5 53. Qg6 Re7 54. Re5
Rxe5 55. dxe5 (55. fxe5 $6 Qxc3 56. Qxf5+ Kc7 $11) 55... Qxc3 56. Qxf5+ Ke8 57.
Qe6+ Kf8 58. Qd6+ Kg7 59. Qxd5 $18) 53. Qxh3 Kxe6 54. Qh6+ Ke7 1/2-1/2

[Event "179th open MGU 14-15 January 2017"]
[Site "Sofia"]
[Date "2017.01.15"]
[Round "6.2"]
[White "Ruschukov, Boyan"]
[Black "Kamenov, Valentin"]
[Result "1-0"]
[WhiteElo "1844"]
[BlackElo "1809"]
[PlyCount "53"]
[EventDate "2017.01.14"]
[EventType "swiss"]
[EventRounds "6"]
[EventCountry "BUL"]
[SourceDate "2008.07.28"]

1. d4 Nf6 2. c4 e6 3. g3 c5 4. d5 exd5 5. cxd5 d6 6. Nc3 Be7 7. e4 O-O 8. Bg2
Re8 9. Nge2 Nbd7 10. O-O Bf8 11. f4 b5 12. e5 dxe5 13. Nxb5 Qb6 14. Nec3 exf4
15. Bxf4 Ne5 16. d6 c4+ 17. Qd4 Qxd4+ 18. Nxd4 Rb8 19. Bxe5 Rxe5 20. Nc6 Bxd6
21. Rad1 Re6 22. Nxb8 Bxb8 23. Rd8+ Re8 24. Rxe8+ Nxe8 25. Bd5 Nd6 26. Ne4 Bh3
27. Re1 1-0

[Event "179th open MGU 14-15 January 2017"]
[Site "Sofia"]
[Date "2017.01.15"]
[Round "6.4"]
[White "Georgiev, Nikolay Zh."]
[Black "Babatov, Martin"]
[Result "0-1"]
[WhiteElo "1623"]
[BlackElo "1625"]
[PlyCount "82"]
[EventDate "2017.01.14"]
[EventType "swiss"]
[EventRounds "6"]
[EventCountry "BUL"]
[SourceDate "2008.07.28"]

1. e4 c6 2. Nc3 d5 3. Nf3 dxe4 4. Nxe4 Bg4 5. Bc4 e6 6. h3 Bxf3 7. Qxf3 Nf6 8.
Nxf6+ Qxf6 9. Qxf6 gxf6 10. d4 ({RR} 10. O-O Bg7 11. f4 f5 12. a4 Nd7 13. a5 a6
14. Rb1 Nf6 15. c3 h5 16. d3 O-O-O 17. Bd2 Nd5 18. Bb3 Bf8 19. Rf3 h4 20. Bd1
Bd6 21. Be2 Rhg8 22. b4 Rg6 23. c4 Nc7 24. Be1 Be7 {
Yanofsky,D (2460)-Reilly,B/Amsterdam 1954/EXT 2001/1/2 (42)}) 10... Rg8 $146 ({
RR} 10... Nd7 11. Be3 Nb6 12. Bb3 ({RR} 12. Be2 h5 13. h4 Nd5 14. Bd2 Bh6 15.
Bxh6 Rxh6 16. O-O-O f5 17. Bf3 Ke7 18. g3 Rd8 19. Rhe1 Nf6 20. Re3 Ng4 21. Re2
Kf6 22. Rd3 Rhh8 23. Bxg4 fxg4 24. f4 gxf3 25. Rxf3+ Ke7 26. Ref2 f5 {
Yumashev,V (1813)-Gorelov,V/Tambov 2013/EXT 2014/1-0 (56)}) 12... Nd5 13. c4
Nxe3 14. fxe3 Bb4+ 15. Ke2 Ke7 16. a3 Bd6 17. g4 Rag8 18. Bc2 h5 19. Kf3 hxg4+
20. hxg4 Kf8 21. Be4 Kg7 22. a4 Bc7 23. b3 Rxh1 24. Rxh1 Rh8 25. Rxh8 {
Gurrea Martinez,J (1880)-Lorente Ibanez,L (1944)/Alfaro 2001/EXT 2003/1/2 (54)}
) ({RR} 10... Bd6 11. Bd2 Nd7 12. O-O-O O-O-O 13. a3 c5 14. Be3 f5 15. g4 f4
16. dxc5 Nxc5 17. Rxd6 Rxd6 18. Bxc5 Rc6 19. b4 a6 20. Bb3 h5 21. Bd4 Rd8 22.
Bf6 Rd3 23. gxh5 {
1-0 Hasanagic,A (1860)-Holzbauer,J (2123)/Feffernitz 2005/CBM 108 Extra}) 11.
O-O Nd7 12. Bf4 Nb6 13. Bd3 Nd5 14. Bh2 h5 15. c3 h4 16. Rfe1 O-O-O 17. Re4 Rh8
18. Rg4 f5 19. Rg5 Bh6 20. Rh5 Bf4 21. Rxh8 Rxh8 22. Re1 Rg8 23. Be2 Kd7 24.
Bf3 Bxh2+ 25. Kxh2 b5 26. Kg1 Nf4 27. Kf1 f6 28. c4 bxc4 29. Rc1 Rb8 30. b3
cxb3 31. Bxc6+ Kd6 32. axb3 Rc8 33. g3 hxg3 34. fxg3 Nd5 35. Ra1 Rxc6 36. Rxa7
Rc2 37. h4 Ne3+ 38. Kg1 Rg2+ 39. Kh1 Rxg3 40. Kh2 Nf1+ 41. Kh1 Rxb3 0-1

[Event "179th open MGU 14-15 January 2017"]
[Site "Sofia"]
[Date "2017.01.15"]
[Round "6.5"]
[White "Kolev, Velio"]
[Black "Kolev, Lachezar"]
[Result "1/2-1/2"]
[WhiteElo "1734"]
[BlackElo "1854"]
[PlyCount "63"]
[EventDate "2017.01.14"]
[EventType "swiss"]
[EventRounds "6"]
[EventCountry "BUL"]
[SourceDate "2008.07.28"]

1. Nf3 Nf6 2. g3 b6 3. Bg2 Bb7 4. O-O e6 5. d3 d5 6. Nbd2 Bd6 ({RR} 6... g6 7.
b3 Bg7 8. Bb2 c5 9. e3 Nc6 10. Ne5 O-O 11. f4 Rc8 12. Ndf3 Ng4 13. Nxc6 Bxc6
14. Bxg7 Kxg7 15. Re1 d4 16. e4 Ne3 17. Qd2 Re8 18. Bh1 f6 19. Nh4 e5 20. Ng2
Nxg2 21. Bxg2 {
Jakovenko,D (2713)-Riazantsev,A (2708)/Khanty-Mansiysk 2013/CBM 154 Extra/1/2})
7. e4 ({RR} 7. Re1 O-O 8. e4 dxe4 9. dxe4 e5 10. b3 Re8 11. Bb2 Na6 12. Nc4 Nc5
13. Nxd6 cxd6 14. Nd2 Qc7 15. Qe2 Rac8 16. c4 Ne6 17. Qd3 Nd7 18. Rad1 Ndc5 19.
Qe3 Na6 20. Nb1 Red8 21. Qd2 Nb8 {Quintero Perdomo,A (1743)-Gonzalez Garcia,Z
(1822)/Tenerife 2016/CBM 170 Extra/1/2 (41)}) 7... dxe4 8. Ng5 h6 $146 ({RR} 
8... Nbd7 9. Ngxe4 Rb8 10. Nxd6+ cxd6 11. Ne4 Nxe4 12. dxe4 Qc7 13. c3 O-O 14.
Re1 Rfd8 15. a4 Ne5 16. f4 Nc4 17. b3 Na5 18. Bb2 d5 19. e5 Ba6 20. Kh1 Rbc8
21. g4 d4 22. c4 Bb7 23. Qd3 {
Khetho,P (2222)-Sinkamba,B/Gaborone 2011/CBM 142 Extra/1/2 (49)}) ({RR} 8...
O-O 9. Ngxe4 Nxe4 ({RR} 9... Be7 10. Nxf6+ Bxf6 11. Bxb7 Nd7 12. Bxa8 Qxa8 13.
Qf3 Qd8 14. Ne4 Be7 15. Nc3 Ne5 16. Qg2 Qd4 17. Bf4 Ng6 18. Be3 Qd7 19. a3 c5
20. h4 f5 21. Rae1 f4 22. Bxf4 Bxh4 23. Bd2 Bf6 24. Qh3 {
Belezky,A (2381)-Kuzmina,O (2249)/Internet 2006/CBM 112 Extra/1-0 (35)}) 10.
Nxe4 Nd7 11. Nxd6 Bxg2 12. Nxf7 Rxf7 13. Kxg2 Ne5 14. Qe2 Qd5+ 15. Qe4 Raf8 16.
Qxd5 exd5 17. f4 d4 18. Bd2 Ng4 19. Rae1 c5 20. Re6 b5 21. Rfe1 Rc7 22. h3 Nf6
23. Re7 {Dibai,J (1813)-Silva,D (1543)/Sao Paulo 2013/CBM 152 Extra/1-0 (55)})
9. Ngxe4 Nxe4 10. Nxe4 Nc6 11. Nxd6+ cxd6 12. d4 d5 13. c3 O-O 14. Qg4 Qf6 15.
Qf4 Qxf4 16. Bxf4 b5 17. Bd6 Rfd8 18. Bc5 a5 19. a3 a4 20. f4 Na5 21. Bb6 Re8
22. Bxa5 Rxa5 23. Rae1 Raa8 24. Re3 Bc6 25. Rfe1 g6 26. Re5 Kg7 27. Bh3 h5 28.
Kf2 Kf6 29. Bg2 Rh8 30. h3 Rad8 31. Bf3 Rh7 32. Bg2 1/2-1/2

[Event "179th open MGU 14-15 January 2017"]
[Site "Sofia"]
[Date "2017.01.15"]
[Round "6.6"]
[White "Andreev, Krasimir"]
[Black "Tsyntsarski, Boyko"]
[Result "1-0"]
[WhiteElo "1882"]
[BlackElo "1636"]
[PlyCount "65"]
[EventDate "2017.01.14"]
[EventType "swiss"]
[EventRounds "6"]
[EventCountry "BUL"]
[SourceDate "2008.07.28"]

1. e4 c5 2. Nf3 d6 3. d4 cxd4 4. Nxd4 Nf6 5. Bd3 a6 6. c4 Qb6 7. Ne2 Nc6 8. Bc2
g6 9. a3 Ng4 10. O-O Bg7 11. Nbc3 O-O 12. h3 Nge5 13. b3 Qd8 14. Be3 Rb8 15. f4
Nd7 16. b4 Nb6 17. Bb3 Be6 18. Qd3 Rc8 19. Rac1 g5 20. Nd5 Bxd5 21. exd5 gxf4
22. dxc6 fxe3 23. cxb7 Rc7 24. Bc2 f5 25. Rxf5 Rxf5 26. Qxf5 Bf6 27. Rf1 e6 28.
Qxf6 Qxf6 29. Rxf6 Rxb7 30. Rxe6 Nxc4 31. Bb3 d5 32. Bxc4 dxc4 33. Rxe3 1-0

[Event "179th open MGU 14-15 January 2017"]
[Site "Sofia"]
[Date "2017.01.15"]
[Round "6.7"]
[White "Sharkov, Venko"]
[Black "Ignatov, Bojidar"]
[Result "1/2-1/2"]
[WhiteElo "1701"]
[BlackElo "1826"]
[PlyCount "63"]
[EventDate "2017.01.14"]
[EventType "swiss"]
[EventRounds "6"]
[EventCountry "BUL"]
[SourceDate "2008.07.28"]

1. Nf3 Nf6 2. c4 c5 3. g3 d6 4. Bg2 Nc6 5. d3 ({RR} 5. a3 g6 6. Nc3 Bg7 7. Rb1
O-O 8. b4 b6 9. O-O Bg4 10. d3 Rc8 11. h3 Bd7 12. Bg5 h6 13. Bd2 Re8 14. e3 Bf5
15. e4 Bd7 16. b5 Na5 17. Ne1 e5 18. Nc2 Be6 19. Ne3 h5 {
Kramnik,V (2772)-Gashimov,V (2758)/Moscow 2009/EXT 2010/1-0 (43)}) ({RR} 5. O-O
e6 6. d4 Be7 7. d5 exd5 8. cxd5 Nb4 9. Nc3 Bf5 10. Nh4 Bd7 11. a3 Na6 12. e4
O-O 13. e5 Ne8 14. e6 fxe6 15. dxe6 Bc6 16. Nf3 Nac7 17. Re1 b5 18. b4 Qc8 19.
Bb2 Qb7 {
Ramos Aguilar,J (2052)-Evora Brondo,J (1941)/Tenerife 2016/EXT 2017/1-0}) 5...
e5 $146 ({RR} 5... Bd7 6. O-O e6 7. Nc3 Be7 8. a3 O-O 9. Rb1 Rb8 10. b4 b6 11.
b5 Na5 12. Nd2 Bc8 13. Nb3 Nxb3 14. Qxb3 Bb7 15. f3 d5 16. a4 d4 17. Ne4 Nxe4
18. fxe4 Bg5 19. Qc2 Be7 20. Bd2 {
Kirschner,M (1557)-Brueckner,A (1390)/Eschborn 2013/EXT 2014/0-1 (44)}) ({RR} 
5... Bg4 6. Nc3 Qd7 7. h3 Bh5 8. a3 e6 9. Bd2 Rb8 10. Rb1 d5 11. cxd5 Nxd5 12.
O-O a6 13. Nxd5 exd5 14. g4 Bg6 15. Nh4 Be7 16. Nxg6 hxg6 17. Bf4 Bd6 18. Bxd6
Qxd6 19. e3 b5 20. f4 {
Vasques,J (1886)-Silva,F (1908)/Vila Real 2005/CBM 107 Extra/0-1 (64)}) ({RR} 
5... g6 6. O-O Bg7 7. Re1 O-O 8. Nbd2 Nd7 9. Rb1 Nde5 10. a3 Rb8 11. Ng5 Bg4
12. f3 Bc8 13. b4 Nd4 14. f4 Ng4 15. e3 cxb4 16. axb4 Nc6 17. Nf1 Nf6 18. Bd2
h6 19. Nf3 e5 20. b5 {
Reimann,G (1799)-Roth,K (1577)/Bergen 2007/EXT 2008/1/2 (35)}) 6. Nc3 g6 7. Nd2
Bg7 8. Nf1 O-O 9. Ne3 Ne7 10. O-O Rb8 11. Qa4 a6 12. Bd2 b5 13. Qc2 b4 14. Ncd5
Nexd5 15. Nxd5 Nxd5 16. Bxd5 a5 17. e4 Kh8 18. Qc1 Qe7 19. Bh6 Be6 20. Bxg7+
Kxg7 21. Bxe6 Qxe6 22. f4 f5 23. Qe3 Rb7 24. Rf2 Rbf7 25. Raf1 exf4 26. Rxf4
fxe4 27. Rxf7+ Rxf7 28. Rxf7+ Kxf7 29. Qxe4 Qxe4 30. dxe4 Kf6 31. Kf2 Ke5 32.
Ke3 1/2-1/2

[Event "179th open MGU 14-15 January 2017"]
[Site "Sofia"]
[Date "2017.01.15"]
[Round "6.9"]
[White "Huebner, Thomas"]
[Black "Stanchev, Plamen"]
[Result "1-0"]
[WhiteElo "1880"]
[BlackElo "1838"]
[PlyCount "65"]
[EventDate "2017.01.14"]
[EventType "swiss"]
[EventRounds "6"]
[EventCountry "BUL"]
[SourceDate "2008.07.28"]

1. e4 d5 2. exd5 Nf6 3. c4 e6 4. d4 exd5 5. Nc3 Bb4 6. Bd3 O-O 7. Nge2 c5 8.
O-O Bg4 9. a3 $6 (9. Nxd5 $16) 9... Qa5 $4 (9... Bxc3 $142 $11) 10. axb4 $6 (
10. Na2 $1 Qa6 11. Nxb4 cxb4 12. c5 Qe6 13. f3 Bf5 14. Nf4 $18) 10... Qxa1 11.
dxc5 Nc6 12. Qb3 Qa6 $4 (12... dxc4 $142 13. Bxc4 a5 14. Be3 $14) 13. Nxd5 Bxe2
14. Nxf6+ gxf6 15. Bxe2 (15. b5 $142 Qa5 16. Bxe2 $18) 15... Nd4 16. Qg3+ Kh8
17. Bd3 Qe6 18. Qh4 Ne2+ 19. Bxe2 Qxe2 20. Qxf6+ Kg8 21. Qg5+ Kh8 22. Qf6+ Kg8
23. Bh6 Qg4 24. f3 Qg6 25. Qxg6+ hxg6 26. Bxf8 Kxf8 27. Rd1 Ke7 28. Kf2 Rc8 29.
Ra1 a6 30. Ke3 Rd8 31. b5 axb5 32. cxb5 Rc8 33. Kd4 1-0